00469nam a2200157Ia 45000030006000000080041000060400015000471000014000622450030000762600034001065460012001409420012001529990017001640050017001819520113001980STCL150530s9999 xx 000 0 und d aSTCLcSTCL aHawthorne aHouse of the seven gables bOxford University pressc1924 aEnglish 2ddccBK c57080d5708020220125171020.0 00102ddc4070aSTCALbSTCALcGENd2015-05-30g4.00l0o823-1032p8830r2015-05-30 00:00:00w2015-05-30yBK